• 首页
  • 本馆介绍
  • 公告通知
  • 最新文献
  • 馆藏检索
  • 电子资源
  • 读者导购
  • 参考咨询
  • 我的图书馆
  • 登录
  • 详细信息显示
  • 放入我的书架
  • 预约/预借图书
  • 作者相关作品
  • 分类相关作品
  • 丛书相关作品
  • 出版社相关作品

书目信息

  • 表格格式
  • 工作单格式
  • 卡片格式
题名:
法国里昂工人起义
    
 
作者: 周呈芳 著
分册:  
出版信息: 呼和浩特   内蒙古人民出版社  1975
页数: 27页
开本: 19cm
丛书名: 《学点历史》丛书
单 册:
中图分类: K565.41
科图分类:
主题词: 里昂工人起义
电子资源:
ISBN:
000 00700nam2 2200253 45
001 0175003281
005 20060814173225.48
010    @dCNY0.09
100    @a19951019d1975 em y0chiy0121 ea
101 0  @achi
102    @aCN@b150000
105    @ay z 000yy
200 10 @a法国里昂工人起义@Afa guo li ang gong ren qi yi@f周呈芳著
210    @a呼和浩特@c内蒙古人民出版社@d1975
215    @a27页@d19cm
225 2  @a《学点历史》丛书
410  0 @120010@a学点历史丛书
517 1  @a学点历史丛书@Axue dian li shi cong shu
606    @a里昂工人起义
690    @aK565.41@v3
701  0 @a周呈芳@Azhou cheng fang@4著
801  2 @aCN@bNLC@c20060814
801  0 @aCN@bTSSF
905    @a10447@dK565.41@e27
    
    法国里昂工人起义/周呈芳著.-呼和浩特:内蒙古人民出版社,1975
    27页;19cm.-(《学点历史》丛书)
    
    
    ISBN :CNY0.09
    
●
相关链接 在E读中查询图书 在五车中查询图书 在当当中查询图书 在豆瓣中查询图书


正题名:法国里昂工人起义     索取号:K565.41/27         预约/预借

序号 登录号 条形码 馆藏地/架位号 状态 备注
1 0462637   204626379   密集书库/ [索取号:K565.41/27] 在馆    
2 0462638   204626388   密集书库/ [索取号:K565.41/27] 在馆    
唐山师范学院图书馆 欢迎您!
大连网信软件有限公司© 版权所有